STN EN 14582: 2007 (83 8252) Charakterizácia odpadov. Obsah halogénov a síry. Spaľovanie kyslíkom v uzatvorených systémoch a metódy stanovenia
Norma je slovenskou verziou EN 14582: 2007
| Corporate Author: | |
|---|---|
| Other Authors: | |
| Format: | Book |
| Language: | Slovak English |
| PhysicalDescription: | 28 s. obr., tab. 30 cm |
| Published: |
Bratislava
Slovenský ústav technickej normalizácie
2007
|
| Subjects: |
MARC
| LEADER | 00000nam a2200000 a 4500 | ||
|---|---|---|---|
| 001 | vtls009813290 | ||
| 003 | SK-MaSNL | ||
| 005 | 20260302010429.0 | ||
| 008 | 160627s2007 xo a f u 000 0 slo | ||
| 015 | |a SNBN2011/03-02346 | ||
| 020 | |c (cen. skup. 12) | ||
| 035 | |a (SVKBBclas03)vtls000280655 | ||
| 040 | |a SNK |b slo |c SNK |e AACR2 | ||
| 041 | 1 | |a slo |h eng | |
| 044 | |a xo |c SK | ||
| 046 | |a s |m 200711 (účin.) | ||
| 072 | 7 | |a 628 |x Zdravotná technika. Úprava vody. Odpadové hospodárstvo. Svetelná technika |2 konspekt | |
| 080 | |a 628.4.04 |2 2001 | ||
| 080 | |a 006.86 |2 2001 | ||
| 080 | |a (4)CEN |2 2001 | ||
| 080 | |a (437.6) |2 2001 | ||
| 080 | |a (083.742) |2 2001 | ||
| 084 | |a 13.030.40 |2 ICS | ||
| 130 | 0 | |a STN 83 8252 (STN EN 14582) |9 649321 | |
| 245 | 1 | 0 | |a STN EN 14582: 2007 (83 8252) Charakterizácia odpadov. Obsah halogénov a síry. Spaľovanie kyslíkom v uzatvorených systémoch a metódy stanovenia |c spracovateľ Slovnaft VÚRUP a.s. Bratislava, Miriam Vrbová |
| 246 | 1 | 0 | |a Charakterizácia odpadov |
| 246 | 1 | |a Obsah halogénov a síry | |
| 246 | 1 | |a Spaľovanie kyslíkom v uzatvorených systémoch a metódy stanovenia | |
| 246 | 3 | |a EN 14582: 2007 E | |
| 260 | |a Bratislava |b Slovenský ústav technickej normalizácie |c 2007 | ||
| 300 | |a 28 s. |b obr., tab. |c 30 cm | ||
| 504 | |a Citované normy: s. 2; literatúra: s. 27. | ||
| 520 | 8 | |a Norma je slovenskou verziou EN 14582: 2007 | |
| 540 | |a STN vydané na akomkoľvek nosiči sa môžu rozmnožovať a rozširovať iba so súhlasom určenej právnickej osoby |b SÚTN Bratislava |c zákon 264/1999 Z.z. | ||
| 546 | |a Terminológia, normatívne odkazy a literatúra aj v angličtine | ||
| 650 | 0 | 7 | |a odpady |2 SVKBBPH |9 300278 |
| 650 | 0 | 7 | |a skúšobné metódy |2 SVKBBPH |9 320971 |
| 650 | 0 | 7 | |a technické normy a štandardy |z Slovensko |2 SNKPH |9 79594 |
| 650 | 0 | 7 | |a technické normy a štandardy |z krajiny Európskej únie |2 SNKPH |9 289341 |
| 655 | 7 | |a normy |2 SNKPH |9 70643 | |
| 700 | 1 | |a Vrbová, Miriam |4 trl |9 321434 | |
| 710 | 2 | |a Slovnaft VÚRUP (Bratislava, Slovensko) |4 aut |9 268577 | |
| 710 | 2 | |a Slovenský ústav technickej normalizácie (Bratislava, Slovensko). |b TK 31 Odpadové hospodárstvo |4 stn |9 649322 | |
| 958 | |a NB | ||
| 958 | |a OP | ||
| 999 | |c 1002949 |d 1004879 | ||
| 952 | |a SNK |b SNK |y PREZ |7 0 |p 17A0681874 |o snkSTN EN 14582 |i snk2010/26911 |8 0 |0 0 |1 0 |4 0 |d 2010-12-06 |l 0 |r 2026-02-24 12:26:15 |w 2026-02-24 | ||
| 952 | |a SNK |b SNK |y PREZ |7 0 |p 17A0681875 |o snkSTN EN 14582 D1 |i snk2010/26912 |8 0 |0 0 |1 0 |4 0 |d 2010-12-06 |l 0 |r 2026-02-24 12:26:15 |w 2026-02-24 | ||


